000
00314nam a22001217a 4500
008
180906b xxu||||| |||| 00| 0 eng d
041
_a
eng
080
_a
159.9
100
_a
49
101
_a
PSI
245
_a
Complete Guide Therapy From Psycho aanalysis To behavior Modification
_c
Kovel.j
942
_2
udc
_c
BK
999
_c
47572
_d
47572